Curso teórico-práctico de latinidad
Збережено в:
| Автор: | |
|---|---|
| Формат: | Книга |
| Мова: | Латинська Іспанська |
| Опубліковано: |
Santiago
Imprenta de Chile
1919
|
| Предмети: | |
| Теги: |
Додати тег
Немає тегів, Будьте першим, хто поставить тег для цього запису!
|
MARC
| LEADER | 00000nam a2200000 a 4500 | ||
|---|---|---|---|
| 001 | UCL4126 | ||
| 003 | CL-VaPUC | ||
| 008 | 031231e19190000CL |||||||||||||||||lat|d | ||
| 041 | 0 | 7 | |a lat |2 CL-VaPUC |
| 041 | 0 | 7 | |a spa |2 CL-VaPUC |
| 082 | 0 | 4 | |a 475 |b SIL |2 21 |
| 100 | 0 | |a Silva Arratia, Arturo |e author |9 481666 | |
| 245 | 1 | 0 | |a Curso teórico-práctico de latinidad |
| 300 | |a v | ||
| 942 | |c BK | ||
| 945 | |d 20031231 00:00:00 |a rbrito | ||
| 260 | |a Santiago |b Imprenta de Chile |c 1919 | ||
| 650 | 0 | |a Enseñanza del latín |9 367682 | |
| 650 | 0 | |a Latín |9 269544 | |
| 650 | 0 | |a Gramática |9 270497 | |
| 650 | 0 | |a Enseñanza de idiomas |9 339820 | |
| 583 | |a last modification |c 20031231 00:00:00 |k Rodrigo Vera | ||
| 999 | |c 307069 |d 307067 | ||
| 952 | |0 0 |1 0 |4 0 |6 475_000000000000000_SIL_1919 |7 0 |8 P |9 372552 |a BIBTEO |b BIBTES |c TEO_FTES |d 2019-11-21 |h v.3 |i 2086395 |o 475 SIL 1919 |p 2086395 |r 2024-01-18 |w 2019-11-21 |y BK |k ICR | ||